| 000 | 01628nam a2200241Ia 4500 | ||
|---|---|---|---|
| 003 | Ost | ||
| 005 | 20260507075239.0 | ||
| 008 | 260507s9999||||xx |||||||||||||| ||und|| | ||
| 020 | _a52892299579 | ||
| 040 | _cfsecg | ||
| 041 | _aara | ||
| 082 | _a330 | ||
| 100 |
_aالقدوة، محمود _eمؤلف |
||
| 245 | 0 |
_aالحكومة الالكترونية و الادارة المعاصرة / _c محمود القدوة |
|
| 260 |
_aعمان: _bدار اسامة, _c2010 |
||
| 300 |
_a269 صفحة؛ _bإيضاحات ؛ _c24 سم |
||
| 504 | _aمراجع ص.291 | ||
| 520 | _aالحكومة الالكترونية ، الانعكاسات و المعوقات ، مراحل و متطلات الحكومة الالكترونية ، القوى الدافعة نحو الحكومة الالكترونية ،و أقسام هذه الحكومة، عوامل النجاح في الإدارة الالكترونية ، متطلبات التطوير الاداري لتحقيق الحكومة الالكترونية ، المواطن الالكتروني ، ، التبادل التقني الحضاري ، الحكومة الالكترونية و المرتفق العامة ، الادارة و المتغيرات العالمية الجديدة ، أثر تكنولوجيا المعلومات على إدارة الموارد البشرية ، السلبيات المحتملة لتطبيق مشروع ، الحكومة الالكترونية بين النص و التطبيق . | ||
| 653 | _aالادارة العامة | ||
| 653 | _aالحكومة | ||
| 653 | _aالحكومة -الالكترونية | ||
| 942 | _cكتاب | ||
| 999 |
_c43612 _d43612 |
||